International economics /

International trade. International finance and open economy macroeconomics.

שמור ב:
מידע ביבליוגרפי
מחבר ראשי: Dunn, Robert M.
מחברים אחרים: Ingram, James C.
פורמט: ספר
שפה:English
יצא לאור: New York : John Wiley and Sons, 1996.
מהדורה:4th ed.
נושאים:
תגים: הוספת תג
אין תגיות, היה/י הראשונ/ה לתייג את הרשומה!
Thư viện lưu trữ: Mạng thư viện Đại học Đà Nẵng
LEADER 00958cam a2200349 i 4500
001 000048686
003 8408
005 20030321161208.0
008 010316|1996 vm 000 eng
020 |a 0471116696 
040 |a IRC  |c IRC  |d IRC 
041 0 |a eng 
082 1 4 |a 337  |b DU-R 
100 1 |a Dunn, Robert M. 
245 0 0 |a International economics /  |c Robert M. Dunn, Jr., James C. Ingram. 
250 |a 4th ed. 
260 |a New York :  |b John Wiley and Sons,  |c 1996. 
300 |a xiii, 559 p. :  |b ill. ;  |c 24cm. 
520 3 |a International trade. International finance and open economy macroeconomics. 
630 0 4 |a Economics. 
650 0 4 |a International economic relations. 
700 1 |a Ingram, James C. 
OWN |a DUT 
999 |a From the UDN01 
TYP |a Monograph 
TYP |a Printed language 
980 |a Mạng thư viện Đại học Đà Nẵng